| Tag |
First Indicator |
Second Indicator |
Subfields |
| LEADER |
00000cam a2200000 4500 |
| 001 |
in00000044890 |
| 005 |
20151007065122.0 |
| 008 |
750917s1931 nyu 00000 engxd |
| 010 |
|
|
|a 31030130
|
| 035 |
|
|
|a (OCoLC)01631087
|
| 035 |
|
|
|9 AAE1322AM
|
| 040 |
|
|
|a FQG
|c FQG
|d TXA
|d UtOrBLW
|
| 049 |
|
|
|a TXAM
|c 1 [74546]
|c 2 [424435]
|
| 050 |
0 |
0 |
|a TD380
|b .M44 1931
|
| 082 |
0 |
|
|a 543.3
|
| 092 |
|
|
|a 543.3
|b M412e6
|
| 100 |
1 |
|
|a Mason, William Pitt,
|d 1853-1937.
|
| 245 |
1 |
0 |
|a Examination of water, chemical and bacteriological /
|c by William P. Mason ...
|
| 250 |
|
|
|a 6th ed., rev.,
|b by Arthur M. Buswell ...
|
| 264 |
|
1 |
|a New York :
|b J. Wiley & sons, inc.;
|a London :
|b Chapman & Hall, limited,
|c [1931]
|
| 264 |
|
4 |
|c [©1931]
|
| 300 |
|
|
|a 224 pages :
|b illustrations, maps (2 folded) diagrams ;
|c 24 cm.
|
| 336 |
|
|
|a text
|b txt
|2 rdacontent
|
| 337 |
|
|
|a unmediated
|b n
|2 rdamedia
|
| 338 |
|
|
|a volume
|b nc
|2 rdacarrier
|
| 650 |
|
0 |
|a Water
|x Analysis.
|
| 700 |
1 |
|
|a Buswell, Arthur Moses,
|d 1888-
|
| 999 |
|
|
|a MARS
|
| 999 |
f |
f |
|s 4f835ba4-714c-318f-a581-e995b9d3ad8c
|i 11d5b638-b3de-3f87-87de-8f6c1d0e372c
|t 0
|
| 952 |
f |
f |
|p ric
|a Texas A&M University
|b Rellis Campus
|c Joint Library Facility
|d Remote Storage
|t 0
|e TD380 .M44 1931
|h Library of Congress classification
|i unmediated -- volume
|m A14800939531
|
| 998 |
f |
f |
|a TD380 .M44 1931
|t 0
|l Remote Storage
|